000 00766nam a2200241Ia 4500
003 OSt
005 20220926000550.0
006 a|||||r|||| 00| 0
007 ta
008 220923b |||||||| |||| 00| 0 eng d
037 _cGeneral Book
040 _aRTL
_cRTL
_beng
041 _2eng
_aeng
082 _aX91:545.281.N6, K7
110 _aIndian Institute of Foreign Trade
_9236018
245 0 _aStudy of the export potential of Okhla Industrial
260 _a New Delhi
_bIndian Institute of Foreign Trade India
_c1967
300 _a170p. Appendix p 151-69
_ccm.
650 _aIndustrial Economics
700 _aIndian Institute of Foreign Trade
_9236019
942 _hX91:545.281.N6, K7
_cGB
_2CC
999 _c599293
_d599293